000 00438nam a22001817a 4500
005 20250324152112.0
008 250324b |||||||| |||| 00| 0 eng d
020 _a9781641721974
040 _aMAIN
041 _aEnglish
082 _bSTE
_a659.1
100 _aStephenson, Stella
_925436
245 _aAdvertising Management
260 _aNew York
_bLarsen And Keller
_c2023
300 _a248
650 _aManagement
942 _cBK
999 _c59526
_d59526